00215nam a2200097Ia 4500008004100000082000800041100001400049245003300063942000600096999001500102240331s9999 xx 000 0 und d bLOO aLoomba, A 0aColonialism post colonialism cL c2545d2545